The artificial propagation of warm-water finfishes a manual for extension (Record no. 10205)
[ view plain ]
| 000 -LEADER | |
|---|---|
| fixed length control field | 00285nam a22001217a 4500 |
| 040 ## - CATALOGING SOURCE | |
| Transcribing agency | HS |
| 082 ## - DEWEY DECIMAL CLASSIFICATION NUMBER | |
| Classification number | 639 |
| 100 ## - MAIN ENTRY--AUTHOR NAME | |
| Personal name | HORVATH |
| 245 ## - TITLE STATEMENT | |
| Title | The artificial propagation of warm-water finfishes a manual for extension |
| 260 ## - PUBLICATION, DISTRIBUTION, ETC. (IMPRINT) | |
| Place of publication | Rome |
| Name of publisher | HORVATH |
| Year of publication | 1980 |
| 300 ## - PHYSICAL DESCRIPTION | |
| Number of Pages | 181p; |
| 942 ## - ADDED ENTRY ELEMENTS (KOHA) | |
| Koha item type | សៀវភៅភាសាអង់គ្លេស |
| 952 ## - LOCATION AND ITEM INFORMATION (KOHA) | |
| Withdrawn status [LOCAL, KOHA] | 0 |
| Permanent Location | Date acquired | Koha item type | Lost status | Shelving location | Barcode | Current Location | Full call number |
|---|---|---|---|---|---|---|---|
| Library Block C | 2016-09-22 | សៀវភៅភាសាអង់គ្លេស | C245 | A00986 | Library Block C | 639 HOR 2008 C245 |